Statystyki dla Kraje europejskie z dostępem do morza/oceanu

Kliknij tutaj aby rozwiązać quiz!

Ogólne statystyki

  • Ten quiz został rozwiązany 964 razy
    (946 od ostatniego zresetowania)
  • Średni wynik to 28 z 31

Statystyki odpowiedzi

LpOdpowiedź% Poprawnych
22Polska
99%
8Estonia
97%
10Francja
97%
12Hiszpania
97%
20Niemcy
97%
21Norwegia
97%
24Rosja
97%
27Szwecja
97%
16Litwa
96%
23Portugalia
96%
30Włochy
96%
9Finlandia
95%
17Łotwa
95%
7Dania
94%
11Grecja
94%
5Chorwacja
93%
31Wielka Brytania
93%
14Irlandia
92%
2Belgia
91%
13Holandia
91%
15Islandia
89%
1Albania
88%
4Bułgaria
88%
28Turcja
88%
29Ukraina
87%
25Rumunia
86%
3Bośnia i Hercegowina
85%
26Słowenia
81%
6Czarnogóra
80%
18Malta
78%
19Monako
76%

Rozkład punktacji

Percentyl według liczby udzielonych odpowiedzi

Procent ludzi z każdym wynikiem

Twoja historia wyników

Nie rozwiązałeś tego quizu od ostatniego zresetowania